| 000 | 00648nam a22001817a 4500 | ||
|---|---|---|---|
| 020 | _qHard Cover. | ||
| 082 | _a330 | ||
| 100 | _aAndela Muazzam : Khadeejah Inam Ul Haq : Mahnoor Khan. | ||
| 245 |
_aCustomer Discrimination Faced by the Christian Community in Islamabad: _cMuazzam, Andela : Inam ul Haq, Khadeejah : kKhan, Mahnoor |
||
| 260 |
_aIslamabad: _bS3H-NUST, _c2021. |
||
| 300 |
_a48 p. : _bill. ; _c30cm. |
||
| 563 | _aHB | ||
| 650 | _aBS-Economics. | ||
| 700 |
_aDr. Verda Salman _918160 |
||
| 856 | _uhttp://10.250.8.41:8080/xmlui/handle/123456789/24383 | ||
| 942 |
_2ddc _cPR |
||
| 999 |
_c566180 _d566180 |
||